000 00929nam a22002177a 4500
003 OSt
005 20170608093108.0
008 150408b2016 slv spa
040 _cBMC
082 _a670.42
100 1 _939311
_aFarfán García, Gustavo Adolfo
245 1 0 _aPasantía en Fruit of the Loom, El Salvador
_b: Informe final
_cGustavo Adolfo Farfán García
260 _aSanta Ana (El Salvador)
_bUniversidad Católica de El Salvador
_c2016
300 _a33 h.
_bil. col.
_c28 cm
_e+ 1 disco compacto
500 _aPrecede al tít.: Universidad Católica de El Salvador, Facultad de Ingeniería y Arquitectura
500 _aPeríodo de realización del 20 de julio de 2015 al 20 de enero de 2016
502 _aPara optar al título de: Ingeniero Industrial
650 2 4 _919919
_aIngeniería industrial
710 2 _91166
_aUniversidad Católica de El Salvador
_bFacultad de Ingeniería y Arquitectura
942 _2ddc
_cTG
999 _c25362
_d25362